El sentido de la lectura /
Obra en que diversas personas comparten sus experiencias con la lectura, centradas en una escena personal vinculada con la lectura, muy significativa en sus vida. El objetivo es brindar un panorama de las razonas por las que la gente lee y qué significado se da a lo leído y al hecho de leer.
Guardado en:
| Autor principal: | |
|---|---|
| Formato: | Libro |
| Idioma: | Español |
| Publicado: |
Buenos Aires, Argentina :
Paidós,
2013, c2013
|
| Colección: | (Voces de la Educación) [s.n.]
|
| Temas: | |
| Etiquetas: |
Sin etiquetas, Sé el primero en etiquetar este registro!
|
MARC
| LEADER | 00000nam^a2200000^a^4500 | ||
|---|---|---|---|
| 001 | 000337513 | ||
| 005 | 20250521000000.0 | ||
| 009 | 20260310114329.798 | ||
| 020 | |a 978-950-12-1539-7 | ||
| 037 | |a Acervo ITESO - Biblioteca | ||
| 041 | |a ESP | ||
| 082 | |a 302. 232 |b PRA | ||
| 100 | |a Pradelli, Angela |e (autor) | ||
| 245 | 1 | 3 | |a El sentido de la lectura / |c A. Pradelli . |
| 264 | 4 | |a Buenos Aires, Argentina : |b Paidós, |c 2013, c2013 | |
| 300 | |a 225 p. | ||
| 336 | |a texto |b txt |2 rdacontenido | ||
| 337 | |a sin mediación |b n |2 rdamedio | ||
| 338 | |a volumen |b nc |2 rdasoporte | ||
| 440 | 1 | |a (Voces de la Educación) [s.n.] | |
| 520 | |a Obra en que diversas personas comparten sus experiencias con la lectura, centradas en una escena personal vinculada con la lectura, muy significativa en sus vida. El objetivo es brindar un panorama de las razonas por las que la gente lee y qué significado se da a lo leído y al hecho de leer. | ||
| 649 | |a XX | ||
| 650 | |a Lectores | ||
| 650 | |a Lectura - |x Aspectos Sociales y Culturales - |x Tema Principal | ||
| 650 | |a Ocio y Tiempo Libre | ||
| 650 | |a Prácticas Culturales | ||
| 650 | |a Sociología de la Cultura | ||
| 910 | |a Fondo General | ||
| 920 | |a Impresos - Libros | ||
| 930 | |a Colección General | ||
| 905 | |a 101 | ||
| 901 | |a 0500227451 |b IT1 |c ACC |i C138643 |u 20250521 | ||
| 902 | |a https://opac.biblio.iteso.mx/vufind/Record/000337513 | ||